[Event "21. Copenhagen Open  (Politiken Cup)"]
[Site "Copenhagen"]
[Date "1999.07.06"]
[Round "4"]
[White "Larsen, Karsten"]
[Black "Palo, Davor"]
[Result "1/2-1/2"]
[WhiteElo "2281"]
[BlackElo "2141"]
[PlyCount "141"]
[EventDate "1999.07.03"]
[EventType "swiss"]
[EventRounds "11"]
[EventCountry "DEN"]
[SourceDate "2004.01.01"]

1. e4 c5 2. Nf3 Nc6 3. Bb5 e6 4. O-O Nge7 5. Re1 a6 6. Bf1 Ng6 7. c3 Be7 8. d4
cxd4 9. cxd4 d5 10. Nc3 dxe4 11. Nxe4 O-O 12. g3 b6 13. h4 Re8 14. h5 Nf8 15.
h6 g6 16. Bf4 Bb7 17. Rc1 Rc8 18. a3 Na7 19. Rxc8 Nxc8 20. Bg2 Nd6 21. Bxd6
Bxd6 22. Ne5 Bd5 23. Nxd6 Qxd6 24. Bxd5 Qxd5 25. Ng4 Nd7 26. Re5 Qd6 27. Re3
Rc8 28. Qf3 Rc1+ 29. Kh2 Qf8 30. Qf4 Qa8 31. Rf3 f5 32. Ne5 Rc7 33. Nxd7 Rxd7
34. Rc3 Qf8 35. Rc6 Qf6 36. Qb8+ Kf7 37. Qxb6 Qxd4 38. Rxe6 Qxb6 39. Rxb6 Rd2
40. Kg2 g5 41. b4 a5 42. bxa5 Rd3 43. a4 Rd4 44. Kf3 Rxa4 45. a6 Ra3+ 46. Ke2
g4 47. Kd2 Rf3 48. Kc1 f4 49. Rb2 fxg3 50. fxg3 Rxg3 51. Rb7+ Kg6 52. Rb6+ Kf7
53. Kb2 Rg2+ 54. Kb3 Rg1 55. Ka2 Rg2+ 56. Ka1 Rg1+ 57. Kb2 Rg2+ 58. Kb3 Rg1 59.
Rb7+ Kg6 60. Rb4 Rb1+ 61. Ka4 Ra1+ 62. Kb5 Kf5 63. Ra4 Rxa4 64. Kxa4 g3 65. a7
g2 66. a8=Q g1=Q 67. Qf8+ Ke6 68. Qe8+ Kd6 69. Qb8+ Ke6 70. Qb3+ Kf6 71. Qc3+
1/2-1/2

[Event "21. Copenhagen Open  (Politiken Cup)"]
[Site "Copenhagen"]
[Date "1999.07.06"]
[Round "4"]
[White "Larsen, Peter"]
[Black "Jakobsen, Ole"]
[Result "1/2-1/2"]
[WhiteElo "2259"]
[BlackElo "2398"]
[PlyCount "72"]
[EventDate "1999.07.03"]
[EventType "swiss"]
[EventRounds "11"]
[EventCountry "DEN"]
[SourceDate "2004.01.01"]

1. d4 c5 2. d5 g6 3. e4 Bg7 4. Nf3 d6 5. Be2 Nf6 6. Nc3 O-O 7. Bg5 Na6 8. Qd2
Nc7 9. a4 b6 10. Bh6 a6 11. O-O Bb7 12. Rfe1 Rb8 13. Bf1 Ba8 14. Nd1 b5 15.
Bxg7 Kxg7 16. b4 cxb4 17. Qxb4 e6 18. dxe6 Nxe6 19. axb5 axb5 20. Nc3 Nc5 21.
e5 Nfd7 22. exd6 Bxf3 23. gxf3 Qf6 24. Rad1 Ne5 25. Bg2 Rbc8 26. Qd4 Ne6 27.
Qxe5 Rxc3 28. d7 Rd8 29. f4 Rxc2 30. Rd6 Rc4 31. Qxf6+ Kxf6 32. Bh3 Rxf4 33.
Bxe6 fxe6 34. Rdxe6+ Kg7 35. Re7+ Rf7 36. Rxf7+ Kxf7 1/2-1/2

[Event "21. Copenhagen Open  (Politiken Cup)"]
[Site "Copenhagen"]
[Date "1999.07.06"]
[Round "4"]
[White "Larsen, Vagn"]
[Black "Manley, Christian"]
[Result "1-0"]
[WhiteElo "1465"]
[BlackElo "1086"]
[PlyCount "103"]
[EventDate "1999.07.03"]
[EventType "swiss"]
[EventRounds "11"]
[EventCountry "DEN"]
[SourceDate "2004.01.01"]

1. e4 c5 2. Nf3 Nf6 3. Nc3 e6 4. d4 cxd4 5. Nxd4 Bb4 6. Ndb5 Nxe4 7. Bd2 Nxd2
8. Qxd2 Bxc3 9. Qxc3 O-O 10. Nc7 Nc6 11. Nxa8 d5 12. Bd3 Bd7 13. O-O Qxa8 14.
Rfe1 Qd8 15. Re2 e5 16. Bb5 f6 17. Rd2 d4 18. Qg3 a6 19. Bc4+ Kh8 20. Rad1 b5
21. Bd3 Nb4 22. Qh4 Nxd3 23. Rxd3 Bc6 24. Rh3 h6 25. Rg3 Qd5 26. Qg4 Rf7 27. c3
f5 28. Qh3 Qxa2 29. b4 Qc2 30. Rgd3 dxc3 31. Rd8+ Kh7 32. Qh5 g6 33. Rh8+ Kg7
34. Qxh6+ Kf6 35. Qh4+ Ke6 36. Rhd8 Bd7 37. Ra1 a5 38. Qg5 Qb2 39. Qxg6+ Ke7
40. Rxd7+ Kxd7 41. Qxf7+ Kc6 42. Qe6+ Kc7 43. Qxe5+ Kc6 44. Qc5+ Kd7 45. Qxb5+
Ke7 46. Re1+ Kf6 47. Qe5+ Kg6 48. bxa5 Qb4 49. Rc1 c2 50. Qe2 Qxa5 51. Qxc2 Kg5
52. h3 1-0

[Event "21. Copenhagen Open  (Politiken Cup)"]
[Site "Copenhagen"]
[Date "1999.07.06"]
[Round "4"]
[White "Lyrberg, Patrik"]
[Black "Mortensen, Henrik"]
[Result "1-0"]
[WhiteElo "2395"]
[BlackElo "2078"]
[PlyCount "51"]
[EventDate "1999.07.03"]
[EventType "swiss"]
[EventRounds "11"]
[EventCountry "DEN"]
[SourceDate "2004.01.01"]

1. b3 Nf6 2. Bb2 d5 3. e3 Bf5 4. f4 Nbd7 5. Nf3 h6 6. d3 e6 7. Nbd2 Be7 8. Qe2
c6 9. g3 Qa5 10. a3 Qc7 11. Bg2 a5 12. a4 Bb4 13. O-O O-O 14. h3 Rfe8 15. Ne5
Nf8 16. g4 Bh7 17. g5 hxg5 18. fxg5 Bd6 19. Nxf7 Kxf7 20. gxf6 e5 21. Qh5+ Bg6
22. Qh8 Ne6 23. fxg7+ Nf4 24. Qh6 Qb6 25. d4 Bxc2 26. exf4 1-0

[Event "21. Copenhagen Open  (Politiken Cup)"]
[Site "Copenhagen"]
[Date "1999.07.06"]
[Round "4"]
[White "Lonborg, Morten"]
[Black "Nilssen, John Arni"]
[Result "0-1"]
[WhiteElo "2159"]
[BlackElo "2326"]
[PlyCount "66"]
[EventDate "1999.07.03"]
[EventType "swiss"]
[EventRounds "11"]
[EventCountry "DEN"]
[SourceDate "2004.01.01"]

1. e4 c5 2. Nf3 Nc6 3. d4 cxd4 4. Nxd4 e5 5. Nb5 d6 6. c4 Be7 7. Be2 Be6 8. O-O
Rc8 9. N1c3 a6 10. Na3 Nf6 11. Bd2 Nd4 12. b3 O-O 13. Nc2 b5 14. cxb5 Nxb5 15.
Nxb5 axb5 16. Bd3 Qb6 17. Ne3 Qd4 18. Qe2 Nxe4 19. Nc2 Rxc2 20. Bxc2 Nxd2 21.
Rad1 Bg5 22. Kh1 b4 23. Rfe1 g6 24. Qd3 Qxd3 25. Bxd3 Ra8 26. Ra1 d5 27. f3 Bf6
28. Bc2 e4 29. Rad1 Bc3 30. fxe4 Nxe4 31. Rf1 Rxa2 32. Bxe4 dxe4 33. Rf4 e3 0-1

[Event "21. Copenhagen Open  (Politiken Cup)"]
[Site "Copenhagen"]
[Date "1999.07.06"]
[Round "4"]
[White "Madhy, Nezar"]
[Black "Jensen, Jannick"]
[Result "0-1"]
[WhiteElo "1689"]
[BlackElo "1967"]
[PlyCount "58"]
[EventDate "1999.07.03"]
[EventType "swiss"]
[EventRounds "11"]
[EventCountry "DEN"]
[SourceDate "2004.01.01"]

1. d4 Nf6 2. c4 g6 3. Nc3 Bg7 4. Bg5 d6 5. e3 O-O 6. Nf3 Nbd7 7. Be2 c5 8. O-O
b6 9. d5 Bb7 10. Qc2 a6 11. a4 Qc7 12. Rfe1 Rfe8 13. Rad1 e6 14. e4 exd5 15.
exd5 Ne5 16. Nxe5 Rxe5 17. f4 Ree8 18. Bd3 Ng4 19. Ne4 Bd4+ 20. Kh1 f5 21. Be2
Ne3 22. Qb1 Rxe4 23. Rxd4 cxd4 24. b3 b5 25. g4 bxc4 26. bxc4 Nxc4 27. Bxc4
Qxc4 28. Qxb7 Rxe1+ 29. Kg2 Qf1+ 0-1

[Event "21. Copenhagen Open  (Politiken Cup)"]
[Site "Copenhagen"]
[Date "1999.07.06"]
[Round "4"]
[White "Mashiri, Artur"]
[Black "Kristjansson, Stefan"]
[Result "0-1"]
[WhiteElo "2073"]
[BlackElo "2278"]
[PlyCount "46"]
[EventDate "1999.07.03"]
[EventType "swiss"]
[EventRounds "11"]
[EventCountry "DEN"]
[SourceDate "2004.01.01"]

1. f4 d5 2. Nf3 g6 3. e3 Bg7 4. c3 Nf6 5. b4 O-O 6. Be2 Nbd7 7. a4 Ne4 8. Bb2
e5 9. d3 Nd6 10. fxe5 Nxe5 11. O-O Ng4 12. Bc1 Nf5 13. Qb3 Ngxe3 14. Re1 d4 15.
c4 b6 16. a5 a6 17. Nbd2 Bb7 18. axb6 cxb6 19. Bb2 Re8 20. Rac1 Bh6 21. Qa3
Nxg2 22. Qa1 Nxe1 23. Rxe1 Bxd2 0-1

[Event "21. Copenhagen Open  (Politiken Cup)"]
[Site "Copenhagen"]
[Date "1999.07.06"]
[Round "4"]
[White "Mathiesen, Erik"]
[Black "Maechel, Michael"]
[Result "1-0"]
[WhiteElo "1891"]
[BlackElo "1611"]
[PlyCount "61"]
[EventDate "1999.07.03"]
[EventType "swiss"]
[EventRounds "11"]
[EventCountry "DEN"]
[SourceDate "2004.01.01"]

1. e4 c5 2. c3 Nc6 3. d4 cxd4 4. cxd4 d6 5. Nc3 a6 6. Be3 Nf6 7. Be2 g6 8. h3
Bg7 9. Qd2 O-O 10. Nf3 b5 11. a3 Qa5 12. O-O Bb7 13. b4 Qd8 14. d5 Nb8 15. Rac1
Nbd7 16. Bd4 Rc8 17. Qe3 Re8 18. Rfd1 e6 19. dxe6 fxe6 20. e5 Rxc3 21. Qxc3 Nd5
22. Qb2 dxe5 23. Nxe5 Nxe5 24. Bxe5 Qg5 25. Bxg7 Nf4 26. Bg4 e5 27. Rc7 Bxg2
28. Qb3+ Bd5 29. Rxd5 Nxh3+ 30. Kf1 Qxg4 31. Rd8+ 1-0

[Event "21. Copenhagen Open  (Politiken Cup)"]
[Site "Copenhagen"]
[Date "1999.07.06"]
[Round "4"]
[White "McShane, Rod"]
[Black "Rubeksen, Thomas H"]
[Result "1-0"]
[WhiteElo "1352"]
[BlackElo "1050"]
[PlyCount "151"]
[EventDate "1999.07.03"]
[EventType "swiss"]
[EventRounds "11"]
[EventCountry "DEN"]
[SourceDate "2004.01.01"]

1. e4 e5 2. Nf3 d6 3. d3 Bg4 4. h3 Bxf3 5. Qxf3 Qf6 6. Qg3 a6 7. Nc3 c6 8. Be2
Ne7 9. Bg5 Qg6 10. f4 h6 11. Bh4 Qxg3+ 12. Bxg3 f6 13. f5 Nd7 14. Bh5+ Kd8 15.
Bf2 Kc7 16. O-O Rd8 17. Be1 b5 18. Ne2 Kb7 19. Ba5 Rb8 20. Bf7 Nc8 21. Rfc1
Ndb6 22. c4 c5 23. cxb5 axb5 24. b4 Ra8 25. a3 Be7 26. Nc3 Ka6 27. a4 bxa4 28.
Nxa4 Nxa4 29. Bc4+ Kb7 30. Bd5+ Ka7 31. Rxa4 Kb8 32. Bxa8 Kxa8 33. Rca1 Kb7 34.
bxc5 dxc5 35. Rb1+ Kc6 36. Bc3 Rd8 37. Ra6+ Kd7 38. Ba5 Rg8 39. Rb7+ Ke8 40.
Rc6 Nd6 41. Rb8+ Kf7 42. Rxg8 Kxg8 43. Rxc5 Nxe4 44. Rc8+ Kf7 45. dxe4 Bd6 46.
g4 Bf8 47. Rc6 Ba3 48. Kg2 Bb2 49. Kg3 Bd4 50. Be1 g5 51. Rc7+ Kg8 52. Rc6 Kf7
53. Bc3 Be3 54. Ba5 Bf4+ 55. Kf3 Kg7 56. Bd8 Bd2 57. Bxf6+ Kf7 58. Bxe5 Bb4 59.
Rxh6 Bc5 60. Bf6 Bd6 61. Bxg5 Be5 62. Rh7+ Kg8 63. Re7 Bd4 64. e5 Kf8 65. Re6
Kf7 66. h4 Bc3 67. h5 Bb4 68. h6 Bf8 69. Rf6+ Kg8 70. Rxf8+ Kxf8 71. e6 Kg8 72.
f6 Kh8 73. e7 Kh7 74. Kf4 Kg6 75. e8=Q+ Kh7 76. Qf7+ 1-0

[Event "21. Copenhagen Open  (Politiken Cup)"]
[Site "Copenhagen"]
[Date "1999.07.06"]
[Round "4"]
[White "Nielsen, Borge Hjerrild"]
[Black "Gabrielsen, Stig"]
[Result "0-1"]
[WhiteElo "2142"]
[BlackElo "2295"]
[PlyCount "102"]
[EventDate "1999.07.03"]
[EventType "swiss"]
[EventRounds "11"]
[EventCountry "DEN"]
[SourceDate "2004.01.01"]

1. d4 Nf6 2. c4 g6 3. Nf3 Bg7 4. g3 O-O 5. Bg2 d6 6. O-O Nbd7 7. Qc2 e5 8. Rd1
Re8 9. e4 exd4 10. Nxd4 Nc5 11. Nc3 a5 12. b3 Qe7 13. f3 c6 14. Be3 Nfd7 15.
Bf2 h5 16. Re1 Ne5 17. Rad1 Qf6 18. Nce2 a4 19. h3 h4 20. f4 hxg3 21. Bxg3 axb3
22. axb3 Ned7 23. Kh2 Qe7 24. Nc3 Bf6 25. b4 Ne6 26. Nf3 Qf8 27. f5 Ng5 28.
Nxg5 Bxg5 29. Bxd6 Qh6 30. fxg6 fxg6 31. Rd3 Ne5 32. Bxe5 Rxe5 33. Ne2 Bg4 34.
Rf1 Rae8 35. Ng1 Bf4+ 36. Kh1 Rh5 37. Qc3 g5 38. c5 Be5 39. Qd2 Bc7 40. Qc3 Be6
41. Qf6 Qxf6 42. Rxf6 Be5 43. Rf2 g4 44. Ne2 gxh3 45. Bf1 Rh4 46. Ng3 Rf8 47.
Nf5 Rxe4 48. Ne7+ Kg7 49. Rxf8 Kxf8 50. Ng6+ Kf7 51. Nxe5+ Rxe5 0-1

[Event "21. Copenhagen Open  (Politiken Cup)"]
[Site "Copenhagen"]
[Date "1999.07.06"]
[Round "4"]
[White "Nielsen, Morten"]
[Black "Sylvan, Jacob"]
[Result "0-1"]
[WhiteElo "2077"]
[BlackElo "2271"]
[PlyCount "90"]
[EventDate "1999.07.03"]
[EventType "swiss"]
[EventRounds "11"]
[EventCountry "DEN"]
[SourceDate "2004.01.01"]

1. e4 c5 2. Nf3 Nc6 3. d4 cxd4 4. Nxd4 g6 5. c4 Bg7 6. Be3 Nf6 7. Nc3 O-O 8.
Be2 d6 9. h3 Bd7 10. O-O Nxd4 11. Bxd4 Bc6 12. Qd3 a5 13. Rfd1 Nd7 14. Bxg7
Kxg7 15. Bg4 Nf6 16. Qe3 Qb8 17. c5 dxc5 18. Qxc5 Bxe4 19. Qxe7 Re8 20. Qd6
Nxg4 21. hxg4 Bc6 22. Qxb8 Raxb8 23. Rd6 Re5 24. Rad1 Rg5 25. f3 h5 26. R1d4
hxg4 27. Rxg4 Rxg4 28. fxg4 Rh8 29. Nd5 Re8 30. Kf2 Re6 31. Rxe6 fxe6 32. Ne3
Bd5 33. a3 Kf6 34. Kg3 Ke5 35. Nd1 Kd4 36. Nc3 e5 37. g5 Bc6 38. Nd1 Kd3 39.
Kf2 Bd5 40. Ne3 Be6 41. b4 a4 42. Kf3 Bd7 43. Kf2 Kc3 44. Nd5+ Kb3 45. Ke3 Kxa3
0-1

[Event "21. Copenhagen Open  (Politiken Cup)"]
[Site "Copenhagen"]
[Date "1999.07.06"]
[Round "4"]
[White "Nielsen, Nicholas Roland"]
[Black "Jorgensen, Morten"]
[Result "1-0"]
[WhiteElo "1538"]
[BlackElo "1151"]
[PlyCount "59"]
[EventDate "1999.07.03"]
[EventType "swiss"]
[EventRounds "11"]
[EventCountry "DEN"]
[SourceDate "2004.01.01"]

1. e4 c5 2. Nf3 d6 3. d4 cxd4 4. Nxd4 Nf6 5. Nc3 a6 6. f4 Bd7 7. Be2 e6 8. g4
Nc6 9. Be3 Qa5 10. Nb3 Qc7 11. g5 Ng8 12. a4 Rc8 13. a5 g6 14. Bb6 Qb8 15. Qd2
Nge7 16. O-O-O Ng8 17. Nc5 Be7 18. N3a4 h6 19. e5 d5 20. h4 Nd8 21. Nxd7 Kxd7
22. Bg4 h5 23. Qxd5+ Ke8 24. Qd7+ Kf8 25. Bh3 Nc6 26. Nc5 Nxa5 27. Bxe6 fxe6
28. Nxe6+ Kf7 29. Bxa5 b5 30. f5 1-0

[Event "21. Copenhagen Open  (Politiken Cup)"]
[Site "Copenhagen"]
[Date "1999.07.06"]
[Round "4"]
[White "Nilsson, Nils Specht"]
[Black "Byrn, Carsten"]
[Result "1-0"]
[WhiteElo "2194"]
[BlackElo "2055"]
[PlyCount "109"]
[EventDate "1999.07.03"]
[EventType "swiss"]
[EventRounds "11"]
[EventCountry "DEN"]
[SourceDate "2004.01.01"]

1. e4 c5 2. Nf3 e6 3. d4 cxd4 4. Nxd4 Nf6 5. Bd3 Nc6 6. Be3 d5 7. Nxc6 bxc6 8.
e5 d4 9. Bf4 Nd5 10. Bg3 Rb8 11. O-O Rxb2 12. Nd2 Rb8 13. Ne4 Nc3 14. Nxc3 dxc3
15. Qg4 Rb4 16. f4 Bc5+ 17. Kh1 g6 18. Rad1 Bd7 19. Bh4 Be7 20. Bxe7 Qxe7 21.
Rf3 Rd4 22. h4 Kd8 23. Rb1 Kc7 24. Ba6 Rb4 25. Rb3 Rxb3 26. axb3 Qa3 27. Bd3
Bc8 28. Qg5 Rd8 29. Kh2 Rd7 30. Qg3 Rd4 31. h5 gxh5 32. Qh4 Ba6 33. Qf2 c5 34.
Bxa6 Qxa6 35. Rxc3 Rd5 36. Rxc5+ Rxc5 37. Qxc5+ Kb8 38. Qf8+ Qc8 39. Qxc8+ Kxc8
40. Kh3 a5 41. Kh4 Kd7 42. Kg5 Ke7 43. Kxh5 f6 44. Kh6 fxe5 45. fxe5 Kd7 46.
Kxh7 Kc6 47. g4 Kd5 48. g5 Kxe5 49. g6 Kd4 50. g7 e5 51. g8=Q e4 52. Qc4+ Ke3
53. Kg6 Kf3 54. Kg5 e3 55. Qf1+ 1-0

[Event "21. Copenhagen Open  (Politiken Cup)"]
[Site "Copenhagen"]
[Date "1999.07.06"]
[Round "4"]
[White "Naes, Flovin Tor"]
[Black "Steindorsson, Sigurour P"]
[Result "1-0"]
[WhiteElo "2222"]
[BlackElo "2052"]
[PlyCount "61"]
[EventDate "1999.07.03"]
[EventType "swiss"]
[EventRounds "11"]
[EventCountry "DEN"]
[SourceDate "2004.01.01"]

1. e4 c5 2. Nc3 Nc6 3. g3 g6 4. Bg2 Bg7 5. d3 d6 6. Be3 e6 7. Qd2 Nd4 8. Nd1
Ne7 9. c3 h6 10. b4 e5 11. f4 exf4 12. gxf4 Ne6 13. bxc5 dxc5 14. Ne2 f5 15.
Qc2 Rb8 16. Rb1 b5 17. O-O O-O 18. Nf2 Kh7 19. Rfd1 Qa5 20. d4 cxd4 21. cxd4
fxe4 22. Bxe4 Bb7 23. Bxb7 Rxb7 24. d5 Rc8 25. Qe4 Nf8 26. d6 Nc6 27. Rbc1 Qa6
28. Nd4 Bxd4 29. Bxd4 Rd7 30. Ng4 Rxd6 31. Rxc6 1-0

[Event "21. Copenhagen Open  (Politiken Cup)"]
[Site "Copenhagen"]
[Date "1999.07.06"]
[Round "4"]
[White "Olsen, Claus"]
[Black "Trygstad, Kristian"]
[Result "1/2-1/2"]
[WhiteElo "2064"]
[BlackElo "2227"]
[PlyCount "58"]
[EventDate "1999.07.03"]
[EventType "swiss"]
[EventRounds "11"]
[EventCountry "DEN"]
[SourceDate "2004.01.01"]

1. e4 c5 2. Nc3 Nc6 3. g3 g6 4. Bg2 Bg7 5. d3 d6 6. h4 Rb8 7. Nh3 b5 8. a3 a5
9. O-O Nd4 10. Nd5 b4 11. axb4 axb4 12. Nhf4 Bb7 13. c3 bxc3 14. bxc3 Nc6 15.
Bd2 e6 16. Qa4 Nge7 17. Nxe7 Kxe7 18. Rfb1 Qc7 19. Qc2 Ba8 20. Be3 Rxb1+ 21.
Rxb1 Rb8 22. Ne2 Rxb1+ 23. Qxb1 Bb7 24. Qb5 Nb8 25. e5 Bxg2 26. exd6+ Kxd6 27.
Bxc5+ Qxc5 28. Qxb8+ Ke7 29. Kxg2 Bxc3 1/2-1/2

[Event "21. Copenhagen Open  (Politiken Cup)"]
[Site "Copenhagen"]
[Date "1999.07.06"]
[Round "4"]
[White "Pedersen, Bent O"]
[Black "Karlsen, Arne"]
[Result "0-1"]
[WhiteElo "1702"]
[BlackElo "2022"]
[PlyCount "40"]
[EventDate "1999.07.03"]
[EventType "swiss"]
[EventRounds "11"]
[EventCountry "DEN"]
[SourceDate "2004.01.01"]

1. e4 e5 2. Nf3 Nc6 3. Bc4 Bc5 4. c3 Bb6 5. O-O d6 6. d4 Bg4 7. Bxf7+ Kxf7 8.
Ng5+ Qxg5 9. f3 Qg6 10. fxg4+ Ke7 11. Kh1 Nf6 12. d5 Nb8 13. Nd2 Nbd7 14. Nf3
Raf8 15. h3 Nxe4 16. Qe1 Ndc5 17. Qh4+ Kd7 18. Be3 Nd3 19. Bxb6 axb6 20. g5 Rf4
0-1

[Event "21. Copenhagen Open  (Politiken Cup)"]
[Site "Copenhagen"]
[Date "1999.07.06"]
[Round "4"]
[White "Pedersen, Steen"]
[Black "Nielsen, Frode Benedikt"]
[Result "0-1"]
[WhiteElo "1677"]
[BlackElo "1949"]
[PlyCount "46"]
[EventDate "1999.07.03"]
[EventType "swiss"]
[EventRounds "11"]
[EventCountry "DEN"]
[SourceDate "2004.01.01"]

1. e4 e5 2. f4 c6 3. Nf3 d5 4. Nxe5 dxe4 5. Bc4 Nh6 6. Nc3 Bd6 7. O-O Bxe5 8.
Bxf7+ Nxf7 9. fxe5 O-O 10. Nxe4 Qd4+ 11. Nf2 Nxe5 12. c3 Qb6 13. d4 Ng6 14. Qe2
Na6 15. Bg5 Qb5 16. Qd2 Bf5 17. Rae1 Rae8 18. a4 Qxa4 19. Nd3 Bxd3 20. Qxd3
Rxe1 21. Rxe1 Qb5 22. Qd2 Qf5 23. b4 Nc7 0-1

[Event "21. Copenhagen Open  (Politiken Cup)"]
[Site "Copenhagen"]
[Date "1999.07.06"]
[Round "4"]
[White "Pedersen, Torben"]
[Black "Howe, Dennis"]
[Result "0-1"]
[WhiteElo "1625"]
[BlackElo "1919"]
[PlyCount "76"]
[EventDate "1999.07.03"]
[EventType "swiss"]
[EventRounds "11"]
[EventCountry "DEN"]
[SourceDate "2004.01.01"]

1. e4 e5 2. Nf3 Nc6 3. Bb5 a6 4. Ba4 d6 5. c3 Bg4 6. O-O Qf6 7. Bxc6+ bxc6 8.
d3 Ne7 9. Nbd2 g6 10. h3 h5 11. Re1 Bh6 12. d4 Bf4 13. dxe5 dxe5 14. Nc4 Rd8
15. Qe2 g5 16. Bxf4 Qxf4 17. Qe3 Bxf3 18. Qxf4 gxf4 19. Nxe5 Bxg2 20. Kxg2 Rg8+
21. Kf1 f6 22. Nf3 Kf7 23. Rad1 Ng6 24. Nd4 Ne5 25. b4 Rg6 26. Ke2 Rdg8 27. Nf5
Re8 28. a4 Rb8 29. Rd4 c5 30. Rd5 cxb4 31. Rb1 b3 32. Rc5 c6 33. Nd4 Rgg8 34.
Rxb3 Rxb3 35. Nxb3 Rb8 36. Nd2 Rb2 37. Kd1 Ra2 38. Ra5 Rxd2+ 0-1

[Event "21. Copenhagen Open  (Politiken Cup)"]
[Site "Copenhagen"]
[Date "1999.07.06"]
[Round "4"]
[White "Peelen, Piet"]
[Black "Carlsson, Pontus"]
[Result "1/2-1/2"]
[WhiteElo "2382"]
[BlackElo "2186"]
[PlyCount "49"]
[EventDate "1999.07.03"]
[EventType "swiss"]
[EventRounds "11"]
[EventCountry "DEN"]
[SourceDate "2004.01.01"]

1. e4 c5 2. Nf3 d6 3. Nc3 Nf6 4. g3 g6 5. Bg2 Bg7 6. O-O Nc6 7. d3 O-O 8. h3
Ne8 9. Bg5 h6 10. Bd2 Nc7 11. Rb1 e5 12. a3 Be6 13. b4 b6 14. Kh2 Rc8 15. Ne1
Qd7 16. Nd5 f5 17. b5 Ne7 18. Nxe7+ Qxe7 19. exf5 Rxf5 20. Qe2 Rcf8 21. a4 Qd7
22. Kg1 R5f7 23. Kh2 Rf5 24. Kg1 R5f7 25. Kh2 1/2-1/2

[Event "21. Copenhagen Open  (Politiken Cup)"]
[Site "Copenhagen"]
[Date "1999.07.06"]
[Round "4"]
[White "Petersen, Lars"]
[Black "Christensen, Thomas"]
[Result "1/2-1/2"]
[WhiteElo "2096"]
[BlackElo "2231"]
[PlyCount "92"]
[EventDate "1999.07.03"]
[EventType "swiss"]
[EventRounds "11"]
[EventCountry "DEN"]
[SourceDate "2004.01.01"]

1. d4 Nf6 2. Nf3 e6 3. Bf4 c5 4. e3 Be7 5. c3 Nh5 6. Bg3 Nxg3 7. hxg3 d5 8. Qc2
h6 9. Ne5 Nc6 10. Bb5 Qb6 11. Bxc6+ bxc6 12. Nd2 cxd4 13. exd4 O-O 14. Ndf3 c5
15. g4 cxd4 16. Nxd4 Qc7 17. Nef3 e5 18. Nf5 Bxf5 19. Qxf5 Bc5 20. g5 g6 21.
Qh3 h5 22. g4 e4 23. gxh5 exf3 24. hxg6 Qe5+ 25. Kd1 Qg7 26. Qxf3 Qxg6 27. Rh6
Qg7 28. Kc2 Rfe8 29. Rah1 Re6 30. R6h5 Rae8 31. b4 Qg6+ 32. Kb3 Kf8 33. Rh8+
Ke7 34. Rxe8+ Kxe8 35. bxc5 Qxg5 36. Rh5 Qc1 37. Qxd5 Qb1+ 38. Kc4 Qxa2+ 39.
Kd4 Qxf2+ 40. Kc4 Qa2+ 41. Kd4 Qf2+ 42. Kc4 Qe2+ 43. Kb3 Qb5+ 44. Kc2 Qa4+ 45.
Kd2 Qf4+ 46. Kc2 Qa4+ 1/2-1/2

[Event "21. Copenhagen Open  (Politiken Cup)"]
[Site "Copenhagen"]
[Date "1999.07.06"]
[Round "4"]
[White "Petersen, Nils"]
[Black "Lyell, Mark"]
[Result "0-1"]
[WhiteElo "2067"]
[BlackElo "2238"]
[PlyCount "72"]
[EventDate "1999.07.03"]
[EventType "swiss"]
[EventRounds "11"]
[EventCountry "DEN"]
[SourceDate "2004.01.01"]

1. c4 f5 2. Nc3 Nf6 3. d3 g6 4. e4 d6 5. f4 Nc6 6. Nf3 fxe4 7. dxe4 Bg7 8. Be2
O-O 9. O-O e6 10. Ne1 e5 11. fxe5 Nxe5 12. Bg5 h6 13. Bh4 Be6 14. b3 g5 15. Bg3
Nfg4 16. Rxf8+ Qxf8 17. Qd2 Qf6 18. Rc1 h5 19. Bxg4 Nxg4 20. Nf3 h4 21. Be1 Rf8
22. Qe2 h3 23. Nd5 Bxd5 24. cxd5 Qf4 25. Qd2 Bd4+ 26. Qxd4 Qxc1 27. Qd2 Qc5+
28. Qd4 Qxd4+ 29. Nxd4 Ne3 30. Bf2 Nxg2 31. Ne6 Rf7 32. Nxg5 Rg7 33. Ne6 Rg4
34. Nxc7 Ne3+ 35. Kh1 Nd1 36. Bxa7 Rxe4 0-1

[Event "21. Copenhagen Open  (Politiken Cup)"]
[Site "Copenhagen"]
[Date "1999.07.06"]
[Round "4"]
[White "Petersen, Peter Birk"]
[Black "Fant, Goran"]
[Result "0-1"]
[WhiteElo "2205"]
[BlackElo "2066"]
[PlyCount "80"]
[EventDate "1999.07.03"]
[EventType "swiss"]
[EventRounds "11"]
[EventCountry "DEN"]
[SourceDate "2004.01.01"]

1. e4 e6 2. d3 Nc6 3. Nf3 e5 4. Be2 Nf6 5. O-O d5 6. exd5 Nxd5 7. Nbd2 Nf4 8.
Nc4 Nxe2+ 9. Qxe2 f6 10. c3 Qd5 11. Ne1 Be6 12. f4 e4 13. Ne3 exd3 14. Nxd3 Bc5
15. f5 Bf7 16. Kh1 Bxe3 17. Qxe3+ Ne7 18. Nb4 Qd7 19. b3 O-O 20. Qf3 c6 21. Ba3
Rfe8 22. c4 Rad8 23. h3 Qc7 24. Nd3 Qa5 25. Bb4 Qxf5 26. Nf4 Ng6 27. Qg3 Nxf4
28. Rxf4 Qd3 29. Rf3 Qg6 30. Qc7 Rc8 31. Qf4 Re4 32. Qd6 Re6 33. Qd7 Ree8 34.
Bc3 b5 35. cxb5 Bd5 36. Rg1 Bxf3 37. gxf3 Qf7 38. bxc6 Red8 39. Qxf7+ Kxf7 40.
c7 Rd5 0-1

[Event "21. Copenhagen Open  (Politiken Cup)"]
[Site "Copenhagen"]
[Date "1999.07.06"]
[Round "4"]
[White "Petersen, Steen"]
[Black "Adamski, Jan"]
[Result "0-1"]
[WhiteElo "2166"]
[BlackElo "2418"]
[PlyCount "82"]
[EventDate "1999.07.03"]
[EventType "swiss"]
[EventRounds "11"]
[EventCountry "DEN"]
[SourceDate "2004.01.01"]

1. e4 c5 2. Nf3 e6 3. d4 cxd4 4. Nxd4 a6 5. Bd3 Nf6 6. O-O d6 7. c4 Bd7 8. Nc3
Nc6 9. Nxc6 Bxc6 10. Qe2 Be7 11. b3 Nd7 12. Bb2 Bf6 13. Rad1 Bd4 14. Bb1 e5 15.
Qd2 O-O 16. Ne2 Bxb2 17. Qxb2 Qc7 18. Ng3 Rfd8 19. Rd2 g6 20. Rc1 a5 21. Ne2
Nc5 22. f3 Qb6 23. Kf1 Qb4 24. Rcd1 a4 25. Nc1 axb3 26. axb3 h5 27. Bc2 Na4 28.
Nd3 Nxb2 29. Nxb4 Nxd1 30. Rxd1 Kf8 31. Kf2 Ke7 32. h4 Ra3 33. Ke2 Rda8 34. Ke3
Ra1 35. Kd2 Rxd1+ 36. Bxd1 f5 37. Nd5+ Bxd5 38. cxd5 Kf6 39. g3 Ra2+ 40. Bc2 f4
41. gxf4 exf4 0-1

[Event "21. Copenhagen Open  (Politiken Cup)"]
[Site "Copenhagen"]
[Date "1999.07.06"]
[Round "4"]
[White "Rasmussen, Morten Fredsgaard"]
[Black "Birgisdottir, Ingibjorg Edda"]
[Result "0-1"]
[WhiteElo "1771"]
[BlackElo "1295"]
[PlyCount "82"]
[EventDate "1999.07.03"]
[EventType "swiss"]
[EventRounds "11"]
[EventCountry "DEN"]
[SourceDate "2004.01.01"]

1. f4 d5 2. Nf3 f5 3. b3 Nf6 4. Bb2 e6 5. e3 Nc6 6. Bb5 Bd7 7. O-O Bc5 8. Nc3
a6 9. Bxc6 Bxc6 10. Ne5 Qd6 11. Ne2 Bb5 12. Rf3 Bxe2 13. Qxe2 d4 14. Kh1 Ng4
15. exd4 Bxd4 16. Bxd4 Qxd4 17. Re1 Nf6 18. d3 O-O 19. g3 h6 20. Re3 Qd5+ 21.
Nf3 Kh8 22. Rxe6 Rfe8 23. Kg2 Qc5 24. Qf2 Qb5 25. Qd4 Rad8 26. Qc3 Rxe6 27.
Rxe6 Qd7 28. Qe5 Re8 29. Nd4 Rxe6 30. Nxe6 Qc6+ 31. Kh3 Qf3 32. Qxf5 Qf1+ 33.
Kh4 Qe2 34. h3 g5+ 35. Qxg5 hxg5+ 36. Kxg5 Qxe6 37. g4 Nh7+ 38. Kh4 Qe1+ 39.
Kh5 Nf6+ 40. Kg6 Nd5 41. Kg5 Qe3 0-1